Central and financial administration of India / (Record no. 77268)

MARC details
000 -LEADER
fixed length control field 00596nam a22001817a 4500
005 - DATE AND TIME OF LATEST TRANSACTION
control field 20130821144226.0
010 ## - LCCN (DPL NO)
LC control number ENG-107838
020 ## - INTERNATIONAL STANDARD BOOK NUMBER
International Standard Book Number 9789380831930
Terms of availability 244.00
035 ## - SYSTEM CONTROL NUMBER
System control number EN-91371
037 ## - SOURCE OF ACQUISITION
Source of stock number/acquisition DBAD/PUB
082 ## - DEWEY DECIMAL CLASSIFICATION NUMBER
Classification number 351.710954
100 ## - MAIN ENTRY--PERSONAL NAME
Personal name Naidu, Y.G.
245 ## - TITLE STATEMENT
Title Central and financial administration of India /
Statement of responsibility, etc by Y.G. Naidu
260 ## - PUBLICATION, DISTRIBUTION, ETC. (IMPRINT)
Place of publication, distribution, etc Hyderabad
Name of publisher, distributor, etc Studentshelpline Publishing House
Date of publication, distribution, etc 2012
270 ## - ADDRESS
Address 326/C, Surneni Nilayam, near B K Guda Park, S.R. Nagar,
City Hyderabad
Postal code 500038
300 ## - PHYSICAL DESCRIPTION
Extent various pagings
Dimensions 22cm(pbk)
942 ## - ADDED ENTRY ELEMENTS (KOHA)
Source of classification or shelving scheme Dewey Decimal Classification
Item type English Books
Call number suffix NAI
Classification part 351.710954
Holdings
Withdrawn status Lost status Not for loan Collection code Home library Current library Date acquired Source of acquisition Cost, normal purchase price Full call number Barcode Copy number Cost, replacement price Koha item type
    Not For Loan Non-fiction D.B.Act.Division D.B.Act.Division 08/07/2013 DBAD/PUB 244.00 351.710954 NAI EN-91371 1 244.00 English Books

© Delhi Public Library
Hit Counter
free hit counter